Phase Equilibria Diagrams : Phase Diagrams for Ceramists. Volume XI. Oxides

Enregistré dans:
Détails bibliographiques
Autres auteurs: Roth, Robert S. (Éditeur intellectuel)
Format: Livre
Langue:anglais
Publié: Westerville : American Ceramic Society, 1995
Sujets:
Tags: Ajouter un tag
Pas de tags, Soyez le premier à ajouter un tag!

MARC

LEADER 00000nam a22000003a 4500
001 stu137389
005 20150617225922.3
008 070126s1995----xxu-----------------eng-d
020 |a 0-944904-90-4 
040 |a STU  |b slo 
041 0 |a eng 
044 |a xxu 
080 |a 544.015.3 
080 |a 666.3/.7 
100 1 |a Roth, Robert S.  |4 edt 
245 1 |a Phase Equilibria Diagrams :  |b Phase Diagrams for Ceramists. Volume XI. Oxides 
260 |a Westerville :  |b American Ceramic Society,  |c 1995 
300 |a 487 s 
650 7 |a fázové diagramy  |2 stusub 
650 7 |a keramika  |2 stusub 
650 7 |a oxidy  |2 stusub 
996 |b 284M075699  |c M*12054-1  |l MMKN  |s A  |a 24  |w stu137389_0001